100 meilleurs livres de tous les temps - mort subite - Statistiques

Statistiques générales
  • Ce quiz a été pris 4 255 fois
  • Le résultat moyen est 3 sur 20
Answers on the Grid
Answers color-coded by a green-red scale on the quiz's grid according to % correct below.
Faust
Dracula
Décameron
Madame Bovary
Chanson des Nibelungen
Le Seigneur des anneaux
Germinal
Don Quichotte
Les Métamorphoses
1984
L'Étranger
La Ferme des animaux
Divine Comédie
Ne tirez pas sur l'oiseau moqueur
Les Misérables
Le Rouge et le Noir
Les Nouvelles de Franz Kafka
Épopée de Gilgamesh
Les Brigands
Guerre et Paix
Antigone
Les Aventures de Huckleberry Finn
L'Odyssée
Peer Gynt
Le Portrait de Dorian Grey
Hamlet
L'Ancien testament
À la recherche du temps perdu
Les Mille et Une Nuits
Les Souffrances du jeune Werther
Les Frères Karamazov
Orgueil et Préjugés
En attendant Godot
Charlie et la chocolaterie
Moby Dick
 
Statistiques - réponses
Réponse % Correct
Madame Bovary
37%
1984
30%
L'Étranger
28%
Don Quichotte
26%
Faust
22%
L'Odyssée
15%
Décameron
10%
Guerre et Paix
10%
Les Métamorphoses
10%
Hamlet
9%
Moby Dick
9%
Orgueil et Préjugés
9%
Le Rouge et le Noir
8%
Divine Comédie
7%
Les Mille et Une Nuits
6%
À la recherche du temps perdu
5%
Les Frères Karamazov
5%
Les Nouvelles de Franz Kafka
3%
Épopée de Gilgamesh
2%
Les Aventures de Huckleberry Finn
1%
Aucun quiz correspondant
Distribution des résultats
% des personnes avec chaque résultat
Percentile par nombre de réponses
Votre historique - résultats
Vous n’avez pas pris ce quiz